000 00265pab a2200109 454500
008 180718b xxu||||| |||| 00| 0 eng d
100 _aSelvam, M.
245 _aEconomic significance of tourism
650 _aTourist Trade
773 _aFinancial Express
909 _a22775
999 _c22775
_d22775